[Event "Pindamonhangaba op 7th"]
[Site "Pindamonhangaba"]
[Date "2023.03.25"]
[Round "3"]
[White "Goussain, Blaha Gregory Corre"]
[Black "Miquelin, Nicolas Seoane"]
[Result "0-1"]
[WhiteElo "1850"]
[BlackElo "2116"]
[PlyCount "70"]
[EventDate "2023.03.24"]
[EventType "swiss"]
[EventRounds "5"]
[EventCountry "BRA"]
[SourceTitle "CBM 213 Extra"]
[Source "ChessBase"]
[SourceDate "2023.05.31"]
[SourceVersion "1"]
[SourceVersionDate "2023.05.31"]
[SourceQuality "1"]

1. d4 Nf6 2. c4 g6 3. g3 Bg7 4. Bg2 d5 5. cxd5 Nxd5 6. Nf3 Nb6 7. Nc3 Nc6 8. e3 0-0 9. 0-0 Re8 10. Qe2 e5 11. dxe5 Nxe5 12. Rd1 Qe7 13. Nxe5 Bxe5 14. Qc2 c6 15. e4 Bg4 16. Ne2 Qb4 17. Rb1 Rad8 18. f3 Qc4 19. Rd2 Rxd2 20. Qxd2 Qxa2 21. Qc2 Be6 22. Bd2 Rd8 23. Nc3 Rxd2 24. Qxd2 Bxc3 25. Qd8+ Kg7 26. Rd1 Qxb2 27. f4 Bf6 28. Qd3 Bc4 29. Qd6 Nc8 30. Qd7 Be6 31. Qd3 Nb6 32. h3 Nc4 33. e5 Be7 34. g4 Qb6+ 35. Kh2 Nb2 0-1

[Event "Pocos de Caldas op"]
[Site "Pocos de Caldas"]
[Date "2023.03.18"]
[Round "3"]
[White "Lora, Miguel Said Brasil"]
[Black "Goussain, Blaha Gregory Corre"]
[Result "0-1"]
[WhiteElo "1590"]
[BlackElo "1850"]
[PlyCount "116"]
[EventDate "2023.03.17"]
[EventType "swiss"]
[EventRounds "6"]
[EventCountry "BRA"]
[SourceTitle "EXT 2024"]
[Source "ChessBase"]
[SourceDate "2023.10.10"]
[SourceVersion "1"]
[SourceVersionDate "2023.10.10"]
[SourceQuality "1"]

1. e4 c6 2. d4 d5 3. exd5 cxd5 4. Bd3 Nc6 5. Nf3 Bg4 6. c3 Qc7 7. h3 Bh5 8. 0-0 e6 9. Re1 Bd6 10. a3 Nge7 11. Nbd2 Bg6 12. Nf1 0-0 13. Bg5 Bxd3 14. Bxe7 Nxe7 15. Qxd3 Ng6 16. g3 Rae8 17. Rac1 a6 18. c4 dxc4 19. Qxc4 Qxc4 20. Rxc4 Rc8 21. Rec1 Ne7 22. N1d2 b5 23. Rxc8 Rxc8 24. Rxc8+ Nxc8 25. Ne4 Bc7 26. Kf1 Nd6 27. Nxd6 Bxd6 28. b4 f6 29. Ke2 Kf7 30. Kd3 Bc7 31. Nd2 Ke7 32. Ne4 Bb6 33. Nc5 a5 34. f4 axb4 35. axb4 f5 36. g4 g6 37. g5 Kd6 38. Nb3 Kd5 39. Nc5 Bc7 40. Ke3 Bd6 41. h4 Kc4 42. Nxe6 Bxb4 43. Ke2 Bd6 44. Ke3 b4 45. d5 Kxd5 46. Nd8 Bc7 47. Nf7 Kc4 48. Kd2 Bxf4+ 49. Kc2 Bc7 50. Kb2 f4 51. Nh6 Be5+ 52. Kb1 f3 53. Ng4 Bd4 54. Nh2 f2 55. Nf1 Kd3 56. Ka2 Kc2 57. h5 Bc5 58. hxg6 b3+ 0-1

[Event "Pocos de Caldas op"]
[Site "Pocos de Caldas"]
[Date "2023.03.17"]
[Round "1"]
[White "Ramos, Eduardo Pereira"]
[Black "Goussain, Blaha Gregory Corre"]
[Result "0-1"]
[WhiteElo "1289"]
[BlackElo "1850"]
[PlyCount "68"]
[EventDate "2023.03.17"]
[EventType "swiss"]
[EventRounds "6"]
[EventCountry "BRA"]
[SourceTitle "EXT 2024"]
[Source "ChessBase"]
[SourceDate "2023.10.10"]
[SourceVersion "1"]
[SourceVersionDate "2023.10.10"]
[SourceQuality "1"]

1. d4 d5 2. Bf4 Nf6 3. e3 c5 4. c3 Nc6 5. h3 Qb6 6. Qb3 c4 7. Qxb6 axb6 8. Be2 Bf5 9. Na3 e6 10. Nb5 Kd7 11. Nf3 Ra5 12. Ne5+ Nxe5 13. dxe5 Rxb5 14. exf6 Rxb2 15. Be5 gxf6 16. Bxf6 Rg8 17. g4 Bg6 18. Bf3 Bd3 19. a4 Bc5 20. a5 Ra8 21. Rd1 Rxa5 22. Rxd3 cxd3 23. 0-0 Rba2 24. c4 dxc4 25. Rc1 b5 26. Bxb7 Rc2 27. Rf1 d2 28. Bf3 Rc1 29. Bb2 Rxf1+ 30. Kxf1 b4 31. Be5 Bxe3 32. fxe3 Rxe5 33. Ke2 c3 34. Kd3 Rd5+ 0-1

[Event "Sao Jose dos Campos op"]
[Site "Sao Jose dos Campos"]
[Date "2022.09.09"]
[Round "2"]
[White "Goussain, Blaha Gregory Corre"]
[Black "Quintiliano Pinto, Renato Rodrigues"]
[Result "0-1"]
[WhiteElo "1824"]
[BlackElo "2504"]
[PlyCount "68"]
[EventDate "2022.09.08"]
[EventType "swiss"]
[EventRounds "7"]
[EventCountry "BRA"]
[SourceTitle "CBM 210 Extra"]
[Source "ChessBase"]
[SourceDate "2022.11.30"]
[SourceVersion "1"]
[SourceVersionDate "2022.11.30"]
[SourceQuality "1"]

1. d4 Nf6 2. Bf4 g6 3. e3 Bg7 4. Nf3 d6 5. h3 0-0 6. Be2 b6 7. c3 Bb7 8. 0-0 Nbd7 9. Nbd2 Qe8 10. Bh2 e5 11. dxe5 dxe5 12. Qc2 Qe7 13. Rfd1 Rad8 14. Bg3 h6 15. Bc4 Kh7 16. a4 a6 17. Rab1 e4 18. Ne1 Ne8 19. b4 f5 20. Nb3 g5 21. Nd4 f4 22. Ne6 fxg3 23. Nxf8+ Qxf8 24. fxg3 Nd6 25. Bd5 Bxd5 26. Rxd5 Qf7 27. Rbd1 Nf6 28. R5d2 Re8 29. Rf2 g4 30. Qe2 Qg6 31. Kh2 Nf5 32. Rf4 gxh3 33. g4 Ne7 34. gxh3 Ned5 0-1

[Event "Sao Jose dos Campos op"]
[Site "Sao Jose dos Campos"]
[Date "2022.09.08"]
[Round "1"]
[White "Goussain, Blaha Gregory Corre"]
[Black "Vaz, Vania Dora Madona"]
[Result "1-0"]
[WhiteElo "1824"]
[BlackElo "1240"]
[PlyCount "46"]
[EventDate "2022.09.08"]
[EventType "swiss"]
[EventRounds "7"]
[EventCountry "BRA"]
[SourceTitle "CBM 210 Extra"]
[Source "ChessBase"]
[SourceDate "2022.11.30"]
[SourceVersion "1"]
[SourceVersionDate "2022.11.30"]
[SourceQuality "1"]

1. d4 Nf6 2. Bf4 d5 3. e3 e6 4. Nf3 Be7 5. Bd3 0-0 6. Nbd2 Nbd7 7. Qe2 Re8 8. c3 c6 9. Ne5 Nf8 10. Bg3 a5 11. f4 Qb6 12. Rb1 c5 13. 0-0 N6d7 14. Kh1 f6 15. Nef3 c4 16. Bc2 Qc6 17. e4 b5 18. Nh4 Bb7 19. exd5 exd5 20. Nf5 Bd6 21. Qg4 Ne6 22. Nxd6 f5 23. Qxf5 g6 1-0

[Event "Mombaca op 6th"]
[Site "Mombaca"]
[Date "2022.08.20"]
[Round "4"]
[White "Goussain, Blaha Gregory Corre"]
[Black "Cuba, Jonathas Duarte Mei"]
[Result "1-0"]
[WhiteElo "1822"]
[BlackElo "1747"]
[PlyCount "101"]
[EventDate "2022.08.19"]
[EventType "swiss"]
[EventRounds "6"]
[EventCountry "BRA"]
[SourceTitle "CBM 210 Extra"]
[Source "ChessBase"]
[SourceDate "2022.11.30"]
[SourceVersion "1"]
[SourceVersionDate "2022.11.30"]
[SourceQuality "1"]

1. d4 Nf6 2. Bf4 e6 3. e3 d5 4. Nf3 Bd6 5. Bg3 0-0 6. Bd3 Re8 7. Nbd2 b6 8. Qe2 c5 9. c3 Bb7 10. Bxd6 Qxd6 11. Ne5 Nbd7 12. f4 Ne4 13. Nxe4 dxe4 14. Bb5 Nf6 15. Bxe8 Rxe8 16. 0-0 cxd4 17. cxd4 Nd5 18. a3 f6 19. Ng4 Qd7 20. Rfc1 Qa4 21. Nf2 Ba6 22. Qd2 f5 23. Nd1 Qd7 24. b4 Qf7 25. Nc3 Nf6 26. b5 Bb7 27. a4 Bd5 28. a5 h6 29. axb6 axb6 30. Ra6 Rb8 31. Rca1 Kh7 32. h3 Qd7 33. Qb2 Qc7 34. Ra7 Bb7 35. Rc1 Qd6 36. Qa3 Qd7 37. Kh2 g5 38. g3 Kg6 39. Rd1 Qc7 40. Rc1 Qd7 41. Qb4 Rc8 42. Qb2 h5 43. fxg5 Kxg5 44. Qf2 Kg6 45. Ne2 Rg8 46. Qf4 Nd5 47. Qe5 Rc8 48. Rxc8 Qxc8 49. Nf4+ Kh7 50. Qxe6 Qc7 51. Qxd5 1-0